|
|
|
|
| LEADER |
00558nam a22001577a 4500 |
| 020 |
|
|
|a 9788125036807
|
| 082 |
|
|
|a 305.4
|b SHA/S P9
|
| 100 |
|
|
|a Sharmila Sreekumar
|9 166867
|
| 245 |
|
|
|a Scripting Lives;
|b Narratives of 'Dominant Women' in Kerala
|
| 250 |
|
|
|a 1st
|
| 260 |
|
|
|a New Delhi;
|b Orient Blackswan Pvt Ltd;
|c 2009
|
| 300 |
|
|
|a 312p.
|
| 650 |
|
|
|a Womens Study
|9 302918
|
| 942 |
|
|
|c BK
|
| 999 |
|
|
|c 62843
|d 62843
|
| 952 |
|
|
|0 0
|1 0
|4 0
|6 305_400000000000000_SHA_S_P9
|7 0
|8 WomensStu
|9 75300
|a MAL
|b MAL
|d 2016-10-03
|e 56037
|l 0
|o 305.4 SHA/S P9
|p MAL056037
|r 2016-10-03
|t 1
|w 2016-10-03
|y BK
|